| 000 | 00996nam a22002537a 4500 | ||
|---|---|---|---|
| 999 |
_c21923 _d21923 |
||
| 003 | AR-CdUCM | ||
| 008 | 190220b ||||| |||| 00| 0 spa d | ||
| 020 | _a9789972466816 | ||
| 040 |
_aMUNICIPALIDAD PROVINCIAL DEL CUSCO _cBIBLIOTECA MUNICIPAL DEL CUSCO |
||
| 082 |
_a294.3928/P75 _bP75 |
||
| 245 |
_aEl humanismo comprometido de Daisaku Ikeda : _bHomenaje a su vida / _cMiguel Ángel Polo Santillán, compilador |
||
| 260 |
_aLima : _bFondo editorial de la Universidad Mayor de San Marcos, _bMakiguchi Fundation for Education, _c2020. |
||
| 300 |
_a358 páginas. : _bilustraciones ; _c14.5 x 22.5 cm. |
||
| 505 | _aContenido: Aproximaciones a la Filosofía de Ikeda. -- El humanismo budista en acción. | ||
| 650 |
_aDaisaku Ikeda _946862 |
||
| 650 |
_aHumanismo _946863 |
||
| 650 |
_aFilosofía asiática _946864 |
||
| 650 |
_aBudismo _916559 |
||
| 650 |
_aÉtica _91337 |
||
| 650 |
_aPaz _9757 |
||
| 700 |
_aPolo Santillán, Miguel Ángel _946865 |
||
| 942 |
_2ddc _cLIBROS |
||
| 945 | _aRoel | ||